000 00629 a2200181 4500
003 Nust
005 20170207153218.0
040 _cNust
082 _a621.382
100 _aMemon, Ahmed Ali (MSEE-10)
245 _aApplying wavelet transforms for registration of satellite images
_cAhmed Ali Memon
260 _bMCS, NUST
_c2008
_aRawalpindi
300 _avii,64, p.;
505 _aIntroduction (page-1) Fundamentals of digital image registration (page-7) Wavelet transforms (page-16) Proposed methodology and results (page-28) Conclusion (page-53).
538 _aAlmirah No 69 Shelf No 2
650 _aMS Thesis
651 _aMSEE-10
942 _cTHS
999 _c181698
_d181698